000 00296nam a2200121Ia 4500
008 190216s9999||||xx |||||||||||||| ||und||
100 _aBipan Chandra
245 0 _aIndia After Independence 1947-2000
260 _bPenguin Books
_c1999
300 _a537p
650 _aIndian History
942 _cBK
999 _c20747
_d20747